Оценка влияния датчиков температуры на температурное поле кольцевого нагревательного модуля; Известия Томского политехнического университета [Известия ТПУ]; Т. 323, № 2 : Математика и механика. Физика

Bibliografske podrobnosti
Parent link:Известия Томского политехнического университета [Известия ТПУ]/ Томский политехнический университет (ТПУ).— , 2000-
Т. 323, № 2 : Математика и механика. Физика.— 2013.— [С. 155-158]
Glavni avtor: Филиппов М. М. Максим Михайлович
Drugi avtorji: Бабушкин Ю. В. Юрий Владимирович, Грибенюков А. И. Александр Иванович
Izvleček:Заглавие с титульного листа
Электронная версия печатной публикации
Проведены вычислительные эксперименты по исследованию влияния датчиков температуры на температурное поле кольцевого нагревательного модуля многозонной термической установки. Результаты расчетов показывают, что температурные датчики существенно влияют на распределение температуры в нагревательном модуле и на его энергопотребление.
The computation experiments on investigation of temperature sensor effect on temperature field of ring heating module of multipoint heat-treatment installation have been carried out. The results of calculation show that the temperature sensors effect considerably the temperature distribution in heating module and its energy consumption.
Jezik:ruščina
Izdano: 2013
Serija:Физика
Teme:
Online dostop:http://earchive.tpu.ru/bitstream/11683/4970/1/bulletin_tpu-2013-323-2-35.pdf
Format: MixedMaterials Elektronski Book Chapter
KOHA link:https://koha.lib.tpu.ru/cgi-bin/koha/opac-detail.pl?biblionumber=244419

MARC

LEADER 00000nla2a2200000 4500
001 244419
005 20231031210833.0
035 |a (RuTPU)RU\TPU\book\265802 
035 |a RU\TPU\book\265795 
090 |a 244419 
100 |a 20131022d2013 k y0rusy50 ca 
101 0 |a rus 
102 |a RU 
135 |a drnn ---uucaa 
181 0 |a i  
182 0 |a b 
200 1 |a Оценка влияния датчиков температуры на температурное поле кольцевого нагревательного модуля  |b Электронный ресурс  |f М. М. Филиппов, Ю. В. Бабушкин, А. И. Грибенюков 
203 |a Текст  |c электронный 
215 |a 1 файл (581 Кб) 
225 1 |a Физика 
230 |a Электронные текстовые данные (1 файл : 581 Кб) 
300 |a Заглавие с титульного листа 
300 |a Электронная версия печатной публикации 
320 |a [Библиогр.: с. 157-158 (11 назв.)] 
330 |a Проведены вычислительные эксперименты по исследованию влияния датчиков температуры на температурное поле кольцевого нагревательного модуля многозонной термической установки. Результаты расчетов показывают, что температурные датчики существенно влияют на распределение температуры в нагревательном модуле и на его энергопотребление. 
330 |a The computation experiments on investigation of temperature sensor effect on temperature field of ring heating module of multipoint heat-treatment installation have been carried out. The results of calculation show that the temperature sensors effect considerably the temperature distribution in heating module and its energy consumption. 
337 |a Adobe Reader 
453 |t Estimation of temperature sensor effect on temperature field of ring heating module  |o translation from Russian  |f M. M. Filippov, Yu. V. Babushkin, A. I. Gribenyukov  |c Tomsk  |n TPU Press  |d 2013  |a Filippov, M. M. 
461 1 |0 (RuTPU)RU\TPU\book\176237  |t Известия Томского политехнического университета [Известия ТПУ]  |f Томский политехнический университет (ТПУ)  |d 2000- 
463 1 |0 (RuTPU)RU\TPU\book\265409  |x 1684-8519  |t Т. 323, № 2 : Математика и механика. Физика  |v [С. 155-158]  |d 2013  |p 223 с. 
610 1 |a кольцевые нагревательные модули 
610 1 |a математическое моделирование 
610 1 |a температурное поле 
610 1 |a температура 
610 1 |a температурные датчики 
610 1 |a энергопотребление 
610 1 |a COMSOL Multiphysics 
610 1 |a труды учёных ТПУ 
610 1 |a электронный ресурс 
610 |a ring heating module 
610 |a mathematical modelling 
610 |a thermal field 
610 |a energy consumption 
610 |a COMSOL Multiphysics 
700 1 |a Филиппов  |b М. М.  |c специалист в области прикладной математики  |c ведущий эксперт Томского политехнического университета, кандидат технических наук  |f 1982-  |g Максим Михайлович  |2 stltpush  |3 (RuTPU)RU\TPU\pers\25413 
701 1 |a Бабушкин  |b Ю. В.  |c математик  |c доцент Томского политехнического университета, кандидат технических наук  |f 1952-  |g Юрий Владимирович  |2 stltpush  |3 (RuTPU)RU\TPU\pers\25811 
701 1 |a Грибенюков  |b А. И.  |g Александр Иванович 
801 1 |a RU  |b 63413507  |c 20090623  |g PSBO 
801 2 |a RU  |b 63413507  |c 20190517  |g PSBO 
856 4 |u http://earchive.tpu.ru/bitstream/11683/4970/1/bulletin_tpu-2013-323-2-35.pdf 
942 |c CF